|
|
|
|
| LEADER |
00000nas a2200000 a 4500 |
| 001 |
ssj0000941364 |
| 003 |
WaSeSS |
| 005 |
20200512172242.0 |
| 006 |
m d |
| 007 |
cr n |
| 008 |
840612c19659999xv mr p s 0 0slv c |
| 010 |
|
|
|a 56027643
|z sn 95033187
|
| 022 |
|
|
|l 0032-6976
|y 0032-6976
|
| 035 |
|
|
|a (WaSeSS)ssj0000941364
|
| 040 |
|
|
|a CRL
|b eng
|c CRL
|d IUL
|d DLC
|d WAU
|d DLC
|d SYS
|d OCLCQ
|d OCLCF
|d OCLCO
|d WAU
|d OCLCA
|d WaSeSS
|
| 042 |
|
|
|a pcc
|
| 043 |
|
|
|a e-xv---
|
| 050 |
0 |
0 |
|a K16
|b .R37
|
| 130 |
0 |
|
|a Pravnik (Ljubljana, Slovenia)
|
| 222 |
|
0 |
|a Pravnik
|
| 245 |
1 |
0 |
|a Pravnik
|h [electronic resource].
|
| 260 |
|
|
|a Ljubljana :
|b Zveza društev pravnikov SR Slovenije,
|c 1965-
|
| 310 |
|
|
|a Twelve no. a year
|
| 362 |
1 |
|
|a Began 1965.
|
| 500 |
|
|
|a "Revija za pravno teorijo ter sodno, upravno in gospodarsko-pravno prakso."
|
| 500 |
|
|
|a Subtitle varies.
|
| 506 |
|
|
|a License restrictions may limit access.
|
| 515 |
|
|
|a Some no. issued combined.
|
| 515 |
|
|
|a Issues carry also a whole numbering.
|
| 550 |
|
|
|a Issued by: Zveza društev pravnikov SR Slovenije, 1965- ; Zveza društev pravnikov Republike Slovenije, <1994->
|
| 580 |
|
|
|a Merger of: Ljudski pravnik, and: Javna uprava.
|
| 588 |
|
|
|a Description based on: Letnik 23, 1/3, published in 1968; title from cover.
|
| 588 |
|
|
|a Latest issue consulted: L. 51, št. 6/8, published in 1996.
|
| 650 |
|
0 |
|a Law
|z Slovenia
|v Periodicals.
|
| 650 |
|
7 |
|a Law.
|2 fast
|0 (OCoLC)fst00993678
|
| 651 |
|
7 |
|a Slovenia.
|2 fast
|0 (OCoLC)fst01212712
|
| 655 |
|
0 |
|a Electronic journals.
|
| 710 |
2 |
|
|a Zveza društev pravnikov SR Slovenije.
|
| 710 |
2 |
|
|a Zveza društev pravnikov Republike Slovenije.
|
| 780 |
1 |
4 |
|t Ljudski pravnik
|x 2232-352X
|w (DLC)sn 95033188
|w (OCoLC)32115680
|
| 780 |
1 |
4 |
|t Javna uprava
|x 1855-5217
|w (DLC) 62033255
|w (OCoLC)5261674
|
| 850 |
|
|
|a DLC
|a InU
|a WaU
|
| 853 |
3 |
3 |
|8 1
|a (year)
|
| 853 |
3 |
3 |
|8 2
|a v.
|b no.
|i (year)
|
| 856 |
4 |
0 |
|z Full text available from Research Library: 11/01/2012 to present
|u https://search.proquest.com/publication/2028730
|
| 863 |
4 |
0 |
|8 1
|a <1965>-
|x provisional
|
| 863 |
4 |
0 |
|8 2
|a <32>-
|i <1977>-
|x provisional
|